| 000 | 00589cab a2200217 4500 | ||
|---|---|---|---|
| 001 | ABS53370 | ||
| 008 | 090401t1995 xxu||||| |||| 00| 0 eng d | ||
| 035 | _a(Sirsi) u3782 | ||
| 041 | _aeng | ||
| 245 | _aVariations on an Arts and Crafts theme | ||
| 260 | _c1995 | ||
| 350 | _a0 | ||
| 490 |
_aArchitects` Journal _v8(202) 24 August 1995, 25-34(8) |
||
| 520 | _aLady Cavendish College, Cambridge. | ||
| 650 | _aCOST ANALYSIS | ||
| 650 | _aHALLS OF RESIDENCE | ||
| 650 | _aUNIVERSITY BUILDINGS | ||
| 690 | _aBUILDING AND CONSTRUCTION-PROJECTS | ||
| 942 | _n0 | ||
| 948 | _c04/03/1997 | ||
| 999 |
_c2301 _d2301 |
||